| 000 | 00646nam a22002177a 4500 | ||
|---|---|---|---|
| 005 | 20170124110034.0 | ||
| 010 | _a674691 | ||
| 020 | _c2.00 | ||
| 035 | _a674691 | ||
| 037 | _bCen Lib/Ret | ||
| 040 |
_aDPL _bEN |
||
| 082 |
_a370.15 _bEDU |
||
| 245 |
_aEducational problems of children / _ccompiled by A. K. Sahni |
||
| 260 |
_aDelhi _bParent Teacher Association of India _c1972 |
||
| 270 |
_bDelhi _e110007 _aC-1/25-26, Malka Ganj |
||
| 300 |
_a216p. _c18cm(Hb) |
||
| 650 |
_aEducation _91169 |
||
| 650 |
_aChildren with disabilities--Education _922345 |
||
| 700 |
_aSahni, A. K. _922346 |
||
| 942 |
_2ddc _cEN _h370.15 _mEDU |
||
| 999 |
_c128079 _d128079 |
||